00576 2200205 4500001002100000005001500021035002000036007000300056008004100059020002200100082001200122084001800134100001800152245004700170260005400217300004600271650001500317650001800332990002000350INLIS00000000000307220260604062417 a0010-0626000023ta260604 0  a978-623-359-584-1 a636.088 a636.088 SUR p1 aSuryanto, Edi1 aPenyembelihan Ternak dan Sertifikasi Halal aYogyakarta :bGadjah Mada University Press,c2025 axxiv + 178 hlm. :bilus. ;c15.5 x 23 cm. 4aPeternakan 4aPenyembelihan a20260615.02.006